00572nam a2200145 a 450000100100000000500170001000800410002702000180006804000250008608200200011110000420013124501900017326000370036330000260040000004703320201002053312.0180412s2016 dr 000 0 spa d a9789945123999 aDO-SdBNPbspacBNPHU axxxbB453i, 4a.1 aBeltré Ferreras, Hayser Jacquelín10aInformática 4 primaria (Las TICs por competencias) :blibro para el desarrollo de habilidades digitales en los alumnos de educación primaria /cHayser Jacquelín Beltré Ferreras. aSanto Domingo :bSusaeta,c2016. a80p. :bil. ;c29 cm.